Statistics for Skyscrapers by Pictures

Click here to take the quiz!

General Stats

  • This quiz has been taken 178 times
  • The average score is 8 of 15

Answer Stats

Answer% Correct
Empire State Building
96%
Burj Khalifa
89%
Petronas Towers
87%
CN Tower
73%
Space Needle
73%
Sears Tower
72%
Taipei 101
71%
The Shard
59%
Shanghai Tower
49%
Freedom Tower
31%
Canton Tower
30%
Tokyo Skytree
28%
Makkah Royal Clock Tower
19%
U.S Bank Tower
15%
Federation Tower
6%

Score Distribution

Percentile by Number Answered

Percent of People with Each Score

Your Score History

You have not taken this quiz